[Event "Ruhrgebiet Regionalliga 1819"]
[Site "Nordrheinwestfalen"]
[Date "2019.06.02"]
[Round "11.7"]
[White "Klasmeier, Hartmut"]
[Black "Georg, Heinz"]
[Result "0-1"]
[WhiteElo "1882"]
[BlackElo "2101"]
[PlyCount "108"]
[EventDate "2018.09.02"]
[EventType "team-tourn"]
[EventRounds "11"]
[EventCountry "GER"]
[SourceTitle "EXT 2022"]
[Source "ChessBase"]
[SourceDate "2021.10.06"]
[SourceVersion "1"]
[SourceVersionDate "2021.10.06"]
[SourceQuality "1"]
[WhiteTeam "Borbeck Weisse Dame"]
[BlackTeam "Kamen SV"]
[WhiteTeamCountry "GER"]
[BlackTeamCountry "GER"]

1. e4 e5 2. Nf3 Nc6 3. d4 exd4 4. Bc4 Bc5 5. c3 dxc3 6. Nxc3 d6 7. Qb3 Qd7 8. 0-0 Na5 9. Qb5 Qxb5 10. Bxb5+ c6 11. Be2 Nf6 12. e5 dxe5 13. Nxe5 Bd4 14. Nf3 Bxc3 15. bxc3 Be6 16. Re1 0-0 17. Ne5 b6 18. c4 Rfd8 19. Bb2 Nd7 20. Rac1 Nxe5 21. Bxe5 c5 22. Rc3 f6 23. Bf4 Re8 24. Re3 Bf7 25. Rc1 Rxe3 26. Bxe3 Rd8 27. g4 Nc6 28. f3 Kf8 29. Kf2 Ke7 30. h4 Nb4 31. Rc3 Rd7 32. a3 Nc6 33. f4 g6 34. Rc1 Nd4 35. Bd1 h5 36. Kg3 hxg4 37. Bxg4 Be6 38. Bxd4 Rxd4 39. Bxe6 Kxe6 40. Kg4 Re4 41. Rc3 Re1 42. f5+ gxf5+ 43. Kf4 Re4+ 44. Kg3 Ke5 45. h5 Rg4+ 46. Kh3 Ke4 47. Rc2 Kf4 48. h6 Rg6 49. Rf2+ Kg5 50. Kg3 Rxh6 51. Rg2 Rh4 52. Kf3+ Rg4 53. Rc2 f4 54. Ke4 f5+ 0-1

[Event "Ruhrgebiet Verbandsklasse Gruppe 3 1617"]
[Site "Germany"]
[Date "2017.04.30"]
[Round "9.3"]
[White "Drzasga, Michael"]
[Black "Klasmeier, Hartmut"]
[Result "0-1"]
[WhiteElo "1969"]
[BlackElo "1857"]
[PlyCount "76"]
[EventDate "2016.09.04"]
[EventType "team-tourn"]
[EventRounds "9"]
[EventCountry "GER"]
[SourceTitle "EXT 2022"]
[Source "ChessBase"]
[SourceDate "2021.10.06"]
[SourceVersion "1"]
[SourceVersionDate "2021.10.06"]
[SourceQuality "1"]
[WhiteTeam "Hoentrop SG"]
[BlackTeam "Borbeck Weisse Dame II"]
[WhiteTeamCountry "GER"]
[BlackTeamCountry "GER"]

1. d4 Nf6 2. c4 e6 3. Nc3 Bb4 4. Qc2 Nc6 5. e3 b6 6. a3 Be7 7. Bd3 Bb7 8. Nge2 0-0 9. 0-0 g6 10. b4 a6 11. Bb2 d5 12. cxd5 Nxd5 13. Nxd5 exd5 14. Rac1 Bd6 15. e4 dxe4 16. Bxe4 Re8 17. Ng3 Bxg3 18. Bxc6 Bxc6 19. Qxc6 Bd6 20. Rfe1 f6 21. Kf1 Kg7 22. d5 Kf7 23. f4 Qc8 24. Re6 Rxe6 25. dxe6+ Ke7 26. Bxf6+ Kxf6 27. Qc3+ Kxe6 28. Qh3+ Kf6 29. Qc3+ Kf7 30. Re1 Qf8 31. Qh3 Kg8 32. g3 Qf7 33. Qg4 Re8 34. Re2 Qc4 35. Kf2 Qxe2+ 36. Qxe2 Rxe2+ 37. Kxe2 Kf7 38. Kd3 Ke6 0-1

[Event "Ruhrgebiet Verbandsklasse Gruppe 3 1617"]
[Site "Germany"]
[Date "2017.03.12"]
[Round "8.3"]
[White "Klasmeier, Hartmut"]
[Black "Tobczewski, Peter"]
[Result "1/2-1/2"]
[WhiteElo "1857"]
[BlackElo "1892"]
[PlyCount "44"]
[EventDate "2016.09.04"]
[EventType "team-tourn"]
[EventRounds "9"]
[EventCountry "GER"]
[SourceTitle "EXT 2022"]
[Source "ChessBase"]
[SourceDate "2021.10.06"]
[SourceVersion "1"]
[SourceVersionDate "2021.10.06"]
[SourceQuality "1"]
[WhiteTeam "Borbeck Weisse Dame II"]
[BlackTeam "Horst Emscher II"]
[WhiteTeamCountry "GER"]
[BlackTeamCountry "GER"]

1. e4 c5 2. Nf3 Nf6 3. e5 Nd5 4. c3 Nc6 5. d4 cxd4 6. cxd4 e6 7. a3 d6 8. Qa4 Qa5+ 9. Qxa5 Nxa5 10. Nbd2 Bd7 11. b4 Nc6 12. Nc4 dxe5 13. dxe5 Be7 14. Bd2 0-0 15. b5 Nd8 16. Ne3 b6 17. Bd3 Nb7 18. Nxd5 exd5 19. Be2 Rfe8 20. Bb4 Bc5 21. Rd1 Be6 22. Nd4 Rec8 1/2-1/2

[Event "Ruhrgebiet Verbandsklasse Gruppe 1 1516"]
[Site "Germany"]
[Date "2016.02.21"]
[Round "7.3"]
[White "Klasmeier, Hartmut"]
[Black "Koch, Marcel"]
[Result "1-0"]
[WhiteElo "1892"]
[BlackElo "1881"]
[PlyCount "27"]
[EventDate "2015.09.06"]
[EventType "team-tourn"]
[EventRounds "9"]
[EventCountry "GER"]
[SourceTitle "EXT 2022"]
[Source "ChessBase"]
[SourceDate "2021.10.06"]
[SourceVersion "1"]
[SourceVersionDate "2021.10.06"]
[SourceQuality "1"]
[WhiteTeam "Borbeck Weisse Dame II"]
[BlackTeam "Kamen SV II"]
[WhiteTeamCountry "GER"]
[BlackTeamCountry "GER"]

1. e4 d5 2. exd5 Qxd5 3. Nc3 Qa5 4. Nf3 Nf6 5. h3 Bf5 6. b4 Qxb4 7. Rb1 Qc5 8. Rb5 Bxc2 9. Qxc2 Qc6 10. Qb3 b6 11. Ne5 Qb7 12. Qxf7+ Kd8 13. Qe6 Rg8 14. Be2 1-0

[Event "Ruhrgebiet Verbandsklasse Gruppe 1 1516"]
[Site "Germany"]
[Date "2016.01.24"]
[Round "6.3"]
[White "Panofen, Ingo"]
[Black "Klasmeier, Hartmut"]
[Result "0-1"]
[WhiteElo "1913"]
[BlackElo "1892"]
[PlyCount "64"]
[EventDate "2015.09.06"]
[EventType "team-tourn"]
[EventRounds "9"]
[EventCountry "GER"]
[SourceTitle "EXT 2022"]
[Source "ChessBase"]
[SourceDate "2021.10.06"]
[SourceVersion "1"]
[SourceVersionDate "2021.10.06"]
[SourceQuality "1"]
[WhiteTeam "Sodingen/Castrop SK III"]
[BlackTeam "Borbeck Weisse Dame II"]
[WhiteTeamCountry "GER"]
[BlackTeamCountry "GER"]

1. d4 d5 2. c4 dxc4 3. Nf3 Nf6 4. e3 Bg4 5. Bxc4 e6 6. Qb3 Bxf3 7. gxf3 Nbd7 8. Nc3 Nb6 9. Bd3 Be7 10. Rg1 0-0 11. Qd1 c5 12. dxc5 Bxc5 13. e4 Qc7 14. f4 Bb4 15. Bd2 Rfd8 16. Qe2 Bxc3 17. Bxc3 Qxf4 18. Rg3 Na4 19. Bd2 Qe5 20. Bh6 g6 21. 0-0-0 Nc5 22. Kb1 Nxd3 23. Rgxd3 Rxd3 24. Rxd3 Qxe4 25. Qc2 Nd5 26. f3 Qf5 27. Ka1 g5 28. Qd2 f6 29. h4 Qf4 30. Qe1 Kf7 31. a3 Rc8 32. hxg5 Rc1+ 0-1

[Event "Ruhrgebiet Verbandsklasse Gruppe 1 1516"]
[Site "Germany"]
[Date "2015.11.29"]
[Round "4.3"]
[White "Van Klev, Fabian"]
[Black "Klasmeier, Hartmut"]
[Result "1-0"]
[WhiteElo "1846"]
[BlackElo "1892"]
[PlyCount "93"]
[EventDate "2015.09.06"]
[EventType "team-tourn"]
[EventRounds "9"]
[EventCountry "GER"]
[SourceTitle "EXT 2022"]
[Source "ChessBase"]
[SourceDate "2021.10.06"]
[SourceVersion "1"]
[SourceVersionDate "2021.10.06"]
[SourceQuality "1"]
[WhiteTeam "Brackel SF III"]
[BlackTeam "Borbeck Weisse Dame II"]
[WhiteTeamCountry "GER"]
[BlackTeamCountry "GER"]

1. Nf3 e6 2. c4 b6 3. g3 Bb7 4. Bg2 Nf6 5. 0-0 Be7 6. d4 0-0 7. Nc3 d5 8. cxd5 Nxd5 9. Qb3 Nxc3 10. bxc3 c5 11. Rd1 Qc8 12. Ba3 c4 13. Qb2 Bxa3 14. Qxa3 b5 15. Qb2 Bc6 16. Qc2 Nd7 17. e4 Nf6 18. Ne5 a5 19. a4 b4 20. Nxc4 Bxe4 21. Bxe4 Nxe4 22. cxb4 axb4 23. Qxe4 Qxc4 24. Rdc1 Qd5 25. Qxd5 exd5 26. Rc5 Rfb8 27. Rxd5 b3 28. Rb1 b2 29. Kg2 Rb4 30. Rb5 Rbxa4 31. d5 Ra2 32. R1xb2 Rxb2 33. Rxb2 Kf8 34. Kf3 Ke7 35. Rb7+ Kf6 36. Ke3 Ra4 37. f4 h5 38. d6 Ke6 39. Re7+ Kf6 40. Re8 Ra3+ 41. Kd4 Ra1 42. Re5 g6 43. Kc5 Rc1+ 44. Kb6 Rd1 45. Kc6 Rc1+ 46. Rc5 Rd1 47. d7 1-0

[Event "Rheinhausen-ch 19th"]
[Site "Duisburg Rheinhausen"]
[Date "2015.02.05"]
[Round "3"]
[White "Kaufeld, Juergen"]
[Black "Klasmeier, Hartmut"]
[Result "1-0"]
[WhiteElo "2243"]
[BlackElo "1920"]
[PlyCount "125"]
[EventDate "2015.01.09"]
[EventType "swiss"]
[EventRounds "7"]
[EventCountry "GER"]
[SourceTitle "EXT 2018"]
[Source "ChessBase"]
[SourceDate "2017.10.13"]
[SourceVersion "1"]
[SourceVersionDate "2017.10.13"]
[SourceQuality "1"]

1. e4 e6 2. d4 d5 3. Nc3 Bb4 4. Nge2 Ne7 5. a3 Ba5 6. b4 Bb6 7. e5 a5 8. Na4 c6 9. Nxb6 Qxb6 10. Bd2 Nd7 11. bxa5 Qa7 12. f4 Nf5 13. Bb4 c5 14. dxc5 Nxc5 15. Nc3 Bd7 16. Nb5 Bxb5 17. Bxb5+ Nd7 18. Qd3 Qe3+ 19. Qxe3 Nxe3 20. Kd2 Nc4+ 21. Bxc4 dxc4 22. Rab1 b5 23. axb6 Nxb6 24. Bd6 Nc8 25. Rb7 Nxd6 26. exd6 Rd8 27. Rb6 Kd7 28. a4 Ra8 29. Ra1 Ra5 30. Kc3 Rha8 31. Kb4 R8a7 32. g3 h5 33. Ra3 g6 34. h3 f6 35. h4 f5 36. c3 Rd5 37. a5 Rxd6 38. Rxd6+ Kxd6 39. a6 Kd5 40. Ra5+ Kc6 41. Kxc4 Kb6 42. Ra2 Rc7+ 43. Kd4 Ka7 44. c4 Rd7+ 45. Kc3 Rd1 46. Ra3 Re1 47. Kd4 Re4+ 48. Kc5 e5 49. fxe5 Rxe5+ 50. Kd6 Re4 51. Kd5 Re1 52. c5 Rd1+ 53. Ke6 Rc1 54. Kd6 Rd1+ 55. Kc7 Rd5 56. c6 Rd1 57. Kc8 Rd6 58. c7 Rd4 59. Rc3 Rd6 60. Rc5 Ka8 61. Re5 Ka7 62. Re8 Ka8 63. Rd8 1-0

[Event "Rheinhausen-ch op 18th"]
[Site "Rheinhausen"]
[Date "2014.03.07"]
[Round "5"]
[White "Rivinius, Otto"]
[Black "Klasmeier, Hartmut"]
[Result "0-1"]
[WhiteElo "1785"]
[BlackElo "1895"]
[PlyCount "114"]
[EventDate "2014.01.10"]
[EventType "swiss"]
[EventRounds "7"]
[EventCountry "GER"]
[SourceTitle "EXT 2017"]
[Source "ChessBase"]
[SourceDate "2016.10.25"]
[SourceVersion "1"]
[SourceVersionDate "2016.10.25"]
[SourceQuality "1"]

1. c4 e6 2. g3 d5 3. Bg2 c6 4. cxd5 exd5 5. Nf3 Nf6 6. 0-0 Bc5 7. d3 0-0 8. Qc2 Qb6 9. Nc3 Ng4 10. e3 Bd6 11. e4 dxe4 12. Nxe4 Bc7 13. d4 Nd7 14. Neg5 Ngf6 15. Re1 h6 16. Ne4 Nxe4 17. Rxe4 Nf6 18. Rh4 Qa5 19. Bd2 Qf5 20. Qc1 h5 21. Bf4 Bd8 22. Ng5 g6 23. Qc4 Qb5 24. Qxb5 cxb5 25. Re1 Re8 26. Rxe8+ Nxe8 27. Bd5 Kg7 28. Bd2 Nd6 29. f3 f6 30. Ne6+ Bxe6 31. Bxe6 f5 32. Rh3 Kf6 33. Bd5 a5 34. g4 Bb6 35. Be3 Re8 36. Bf2 fxg4 37. fxg4 hxg4 38. Rg3 Kf5 39. h3 gxh3 40. Rxh3 Ne4 41. Rf3+ Kg4 42. Bxe4 Rxe4 43. Rg3+ Kf5 44. Rd3 Kf6 45. Rf3+ Ke7 46. Rg3 Re6 47. Kg2 Rf6 48. Rg5 b4 49. Re5+ Kd7 50. Bh4 Re6 51. Kf3 Rxe5 52. dxe5 Ke6 53. Ke4 Bc7 54. Bg3 b5 55. b3 g5 56. Bh2 Bb6 57. Bg3 Bg1 0-1

[Event "Rheinhausen-ch op 18th"]
[Site "Rheinhausen"]
[Date "2014.01.10"]
[Round "1"]
[White "Kerkhoff, Johannes"]
[Black "Klasmeier, Hartmut"]
[Result "0-1"]
[WhiteElo "1458"]
[BlackElo "1895"]
[PlyCount "76"]
[EventDate "2014.01.10"]
[EventType "swiss"]
[EventRounds "7"]
[EventCountry "GER"]
[SourceTitle "EXT 2017"]
[Source "ChessBase"]
[SourceDate "2016.10.25"]
[SourceVersion "1"]
[SourceVersionDate "2016.10.25"]
[SourceQuality "1"]

1. c4 e5 2. Nc3 Nf6 3. a3 Be7 4. e4 Nc6 5. Nf3 d6 6. h3 0-0 7. d3 Nd4 8. Nxd4 exd4 9. Ne2 c5 10. Ng1 b5 11. b3 Rb8 12. Bd2 Qb6 13. Qc2 Bd7 14. Be2 bxc4 15. bxc4 Qa6 16. Bd1 Rb6 17. Ne2 Rfb8 18. Qc1 Ba4 19. 0-0 Rb2 20. f4 Nd7 21. Ng3 g6 22. Rf2 Bh4 23. Kh2 Bxd1 24. Qxd1 R8b3 25. Be1 Qb7 26. Rxb2 Rxb2 27. Qg4 Bxg3+ 28. Bxg3 Nf6 29. Qg5 Kg7 30. Bh4 Nh5 31. Rg1 h6 32. Qg4 Nf6 33. Bxf6+ Kxf6 34. e5+ dxe5 35. fxe5+ Kg7 36. Qg3 Qe7 37. h4 Ra2 38. Qf4 Re2 0-1

[Event "NRW Verbandsklasse Group3 1314"]
[Site "Nordrheinwestfalen"]
[Date "2013.12.15"]
[Round "5.3"]
[White "Klasmeier, Hartmut"]
[Black "Heinzel, Peter"]
[Result "1-0"]
[WhiteElo "1908"]
[BlackElo "1911"]
[PlyCount "39"]
[EventDate "2013.09.08"]
[EventType "team-tourn"]
[EventRounds "9"]
[EventCountry "GER"]
[SourceTitle "EXT 2020"]
[Source "ChessBase"]
[SourceDate "2019.10.17"]
[SourceVersion "1"]
[SourceVersionDate "2019.10.17"]
[SourceQuality "1"]
[WhiteTeam "Weisse Dame Borbeck II"]
[BlackTeam "Muelheim SC"]
[WhiteTeamCountry "GER"]
[BlackTeamCountry "GER"]

1. e4 c6 2. d4 d5 3. Nc3 dxe4 4. Nxe4 Nf6 5. Ng3 Qc7 6. Bc4 e6 7. Nf3 Bd6 8. 0-0 Nbd7 9. Re1 Nb6 10. Bb3 Bd7 11. c4 c5 12. Bg5 Be7 13. Ne5 Rd8 14. d5 0-0 15. Bf4 Bd6 16. Nh5 exd5 17. Nxf6+ gxf6 18. Qh5 fxe5 19. Qg5+ Kh8 20. Qf6+ 1-0

[Event "NRW Verbandsklasse Group3 1314"]
[Site "Nordrheinwestfalen"]
[Date "2013.11.24"]
[Round "4.3"]
[White "Dahlhaus, Friedhelm"]
[Black "Klasmeier, Hartmut"]
[Result "0-1"]
[WhiteElo "1945"]
[BlackElo "1908"]
[PlyCount "52"]
[EventDate "2013.09.08"]
[EventType "team-tourn"]
[EventRounds "9"]
[EventCountry "GER"]
[SourceTitle "EXT 2020"]
[Source "ChessBase"]
[SourceDate "2019.10.17"]
[SourceVersion "1"]
[SourceVersionDate "2019.10.17"]
[SourceQuality "1"]
[WhiteTeam "Wacker Bergeborbeck"]
[BlackTeam "Weisse Dame Borbeck II"]
[WhiteTeamCountry "GER"]
[BlackTeamCountry "GER"]

1. e4 e5 2. Nf3 d6 3. d4 Nf6 4. Nc3 exd4 5. Nxd4 Be7 6. Bc4 c6 7. a4 0-0 8. 0-0 Nbd7 9. Re1 Ne5 10. Bf1 Qb6 11. a5 Qc7 12. Bg5 Nfg4 13. Qd2 Re8 14. h3 Bxg5 15. Qxg5 Nf6 16. f4 Ng6 17. Kh1 h6 18. Qg3 Nh5 19. Qf3 Nhxf4 20. Nf5 d5 21. Ng3 d4 22. Nce2 Nxe2 23. Bxe2 Re5 24. Rad1 Rg5 25. Nf5 Bxf5 26. exf5 Nh4 0-1

[Event "Ruhrgebiet VK1 1213"]
[Site "Nordrheinwestfalen"]
[Date "2013.04.28"]
[Round "9.4"]
[White "Wirths, Clara"]
[Black "Klasmeier, Hartmut"]
[Result "1/2-1/2"]
[WhiteElo "1884"]
[BlackElo "1895"]
[PlyCount "73"]
[EventDate "2012.09.02"]
[EventType "team-tourn"]
[EventRounds "9"]
[EventCountry "GER"]
[SourceTitle "EXT 2020"]
[Source "ChessBase"]
[SourceDate "2019.10.17"]
[SourceVersion "1"]
[SourceVersionDate "2019.10.17"]
[SourceQuality "1"]
[WhiteTeam "Wattenscheid SV IV"]
[BlackTeam "Weisse Dame Borbeck II"]
[WhiteTeamCountry "GER"]
[BlackTeamCountry "GER"]

1. e4 d5 2. exd5 Nf6 3. Nc3 Nxd5 4. Bc4 Nb6 5. Bb3 Nc6 6. d3 Bf5 7. Nf3 Bg4 8. h3 Bxf3 9. Qxf3 e6 10. Bf4 Bd6 11. Nb5 0-0 12. Nxd6 cxd6 13. c3 d5 14. d4 Nc4 15. Rb1 f6 16. Bxc4 dxc4 17. Qe2 Qd5 18. 0-0 Rfe8 19. b3 cxb3 20. axb3 e5 21. dxe5 Nxe5 22. Rfd1 Qc6 23. Bxe5 Rxe5 24. Qd2 Rae8 25. Re1 Rxe1+ 26. Rxe1 Rxe1+ 27. Qxe1 Kf7 28. Qe3 a6 29. b4 Qd5 30. f3 h5 31. Kf2 h4 32. f4 f5 33. Qe2 g6 34. g3 hxg3+ 35. Kxg3 b5 36. Qe3 Qc6 37. Kf2 1/2-1/2

[Event "Ruhrgebiet VK1 1213"]
[Site "Nordrheinwestfalen"]
[Date "2013.04.07"]
[Round "8.4"]
[White "Klasmeier, Hartmut"]
[Black "Dewald, Christian"]
[Result "1-0"]
[WhiteElo "1895"]
[BlackElo "1873"]
[PlyCount "51"]
[EventDate "2012.09.02"]
[EventType "team-tourn"]
[EventRounds "9"]
[EventCountry "GER"]
[SourceTitle "EXT 2020"]
[Source "ChessBase"]
[SourceDate "2019.10.17"]
[SourceVersion "1"]
[SourceVersionDate "2019.10.17"]
[SourceQuality "1"]
[WhiteTeam "Weisse Dame Borbeck II"]
[BlackTeam "Buer Hassel"]
[WhiteTeamCountry "GER"]
[BlackTeamCountry "GER"]

1. Nc3 Nf6 2. Nf3 d6 3. e4 e5 4. d4 exd4 5. Nxd4 g6 6. Bg5 Bg7 7. Nd5 h6 8. Nb5 Na6 9. Nxf6+ Bxf6 10. Bxf6 Qxf6 11. Nc3 0-0 12. Bxa6 bxa6 13. Qd2 Kh7 14. 0-0 Bb7 15. Rad1 Rab8 16. b3 a5 17. Rfe1 Qe5 18. f3 Rbd8 19. Nd5 c6 20. Ne3 a4 21. Qb4 axb3 22. Qxb7 Rb8 23. Qxa7 Ra8 24. Qd4 bxa2 25. Qxe5 dxe5 26. Ra1 1-0

[Event "Ruhrgebiet VK1 1213"]
[Site "Nordrheinwestfalen"]
[Date "2012.10.28"]
[Round "3.4"]
[White "Klasmeier, Hartmut"]
[Black "Schlenter, Ruediger"]
[Result "1/2-1/2"]
[WhiteElo "1895"]
[BlackElo "1778"]
[PlyCount "111"]
[EventDate "2012.09.02"]
[EventType "team-tourn"]
[EventRounds "9"]
[EventCountry "GER"]
[SourceTitle "EXT 2020"]
[Source "ChessBase"]
[SourceDate "2019.10.17"]
[SourceVersion "1"]
[SourceVersionDate "2019.10.17"]
[SourceQuality "1"]
[WhiteTeam "Weisse Dame Borbeck II"]
[BlackTeam "Muelheim Nord IV"]
[WhiteTeamCountry "GER"]
[BlackTeamCountry "GER"]

1. Nc3 g6 2. Nf3 Bg7 3. e4 d6 4. d4 Nf6 5. Bc4 0-0 6. 0-0 Nbd7 7. e5 dxe5 8. dxe5 Ng4 9. e6 Nde5 10. exf7+ Nxf7 11. Qxd8 Rxd8 12. Nd5 Rd7 13. Re1 Kf8 14. Bf4 Nd6 15. Bxd6 cxd6 16. Ng5 Rb8 17. Ne6+ Kf7 18. Bb5 Bxb2 19. Rab1 Be5 20. Bxd7 Bxd7 21. Ng5+ Kg7 22. h3 Nf6 23. c4 Nxd5 24. cxd5 Bf5 25. Rb3 h6 26. Nf3 Bf6 27. Re2 g5 28. Nd2 b5 29. Rf3 Bg6 30. Nb3 Rc8 31. Na5 Rc1+ 32. Kh2 Be5+ 33. Rxe5 dxe5 34. Nc6 Be4 35. Ra3 Bxd5 36. Nxe5 Rc2 37. Rxa7 Rxf2 38. Rxe7+ Kf6 39. Ng4+ Kxe7 40. Nxf2 Bxa2 41. Kg3 Bb1 42. Nd1 b4 43. h4 Kf6 44. hxg5+ hxg5 45. Kf3 Bf5 46. Ke3 Ke5 47. g3 Kd5 48. Nb2 Kc5 49. Na4+ Kc4 50. Nb6+ Kb5 51. Nd5 b3 52. Nc3+ Kb4 53. Nd1 Ka3 54. Kd4 b2 55. Nxb2 Kxb2 56. Ke5 1/2-1/2

[Event "Ruhrgebiet VK1 1112"]
[Site "Nordrheinwestfalen"]
[Date "2011.12.11"]
[Round "4.4"]
[White "Klasmeier, Hartmut"]
[Black "Holl, Michael"]
[Result "1/2-1/2"]
[WhiteElo "1917"]
[BlackElo "1804"]
[PlyCount "62"]
[EventDate "2012.09.18"]
[EventType "team-tourn"]
[EventRounds "9"]
[EventCountry "GER"]
[SourceTitle "EXT 2020"]
[Source "ChessBase"]
[SourceDate "2019.10.17"]
[SourceVersion "1"]
[SourceVersionDate "2019.10.17"]
[SourceQuality "1"]
[WhiteTeam "Weisse Dame Borbeck II"]
[BlackTeam "Oberhausen SW"]
[WhiteTeamCountry "GER"]
[BlackTeamCountry "GER"]

1. Nc3 d5 2. e3 Nf6 3. Nf3 Bg4 4. d4 e6 5. h3 Bh5 6. Be2 c5 7. Ne5 Bxe2 8. Nxe2 Nc6 9. Nxc6 bxc6 10. 0-0 Rb8 11. b3 Bd6 12. Ba3 cxd4 13. Bxd6 Qxd6 14. exd4 0-0 15. Qd3 Rfc8 16. c4 dxc4 17. Qxc4 Rb4 18. Qc2 a5 19. Rfd1 Nd5 20. Rac1 h6 21. Qc5 Qd8 22. Rd2 Rb5 23. Qc4 Rb4 24. Qd3 Qg5 25. Rc5 a4 26. bxa4 Rxa4 27. Rb2 g6 28. Qb3 Rb4 29. Qc2 Rxb2 30. Qxb2 Qe7 31. Ra5 Kg7 1/2-1/2

[Event "Ruhrgebiet VK1 1112"]
[Site "Nordrheinwestfalen"]
[Date "2011.11.13"]
[Round "3"]
[White "Klasmeier, Hartmut"]
[Black "Koch, Klaus"]
[Result "1-0"]
[WhiteElo "1917"]
[BlackElo "1934"]
[PlyCount "134"]
[EventDate "2012.09.18"]
[EventType "team-tourn"]
[EventRounds "9"]
[EventCountry "GER"]
[SourceTitle "EXT 2020"]
[Source "ChessBase"]
[SourceDate "2019.10.17"]
[SourceVersion "1"]
[SourceVersionDate "2019.10.17"]
[SourceQuality "1"]
[WhiteTeam "Weisse Dame Borbeck II"]
[BlackTeam "Kamen SV II"]
[WhiteTeamCountry "GER"]
[BlackTeamCountry "GER"]

1. Nc3 Nf6 2. Nf3 c5 3. d4 cxd4 4. Qxd4 Nc6 5. Qa4 d6 6. Bg5 Bd7 7. Qh4 Qa5 8. a3 Rc8 9. Bd2 Qb6 10. Rb1 e6 11. e4 Be7 12. Bd3 0-0 13. 0-0 Ne8 14. Qg3 a6 15. Qh3 Nf6 16. e5 Nxe5 17. Nxe5 dxe5 18. Rfe1 Qc7 19. Bg5 h6 20. Bxh6 gxh6 21. Re3 Nh7 22. Qxh6 f5 23. Qg6+ Kh8 24. Rh3 Bh4 25. Rxh4 Bc6 26. Qxe6 Qg7 27. g3 e4 28. Be2 f4 29. Rxf4 Rfe8 30. Qf7 Qe5 31. Rh4 Qg7 32. Qxg7+ Kxg7 33. Nd1 Nf6 34. Ne3 Rcd8 35. Rd1 Rxd1+ 36. Nxd1 Rd8 37. Ne3 Rd2 38. Bc4 Kg6 39. Kf1 Rd6 40. Ke1 b5 41. Be2 Rd8 42. Ng4 Nxg4 43. Rxg4+ Kf6 44. a4 Bd5 45. a5 Kf5 46. Rg7 Rd6 47. Bg4+ Ke5 48. c3 Rd8 49. Rg5+ Kd6 50. Rg6+ Kc5 51. Rxa6 Kc4 52. Rb6 Kc5 53. Rf6 Kc4 54. Bd1 Kd3 55. Rb6 e3 56. Be2+ Kc2 57. Rxb5 Bb3 58. fxe3 Be6 59. g4 Rd2 60. Rb6 Ba2 61. a6 Rd8 62. g5 Rh8 63. c4 Bb1 64. e4 Kc1 65. Bf3 Bd3 66. b3 Rf8 67. Rf6 Re8 1-0

[Event "Rheinhausen-ch"]
[Site "Rheinhausen"]
[Date "2011.02.25"]
[Round "5"]
[White "Gerlach, Rico"]
[Black "Klasmeier, Hartmut"]
[Result "0-1"]
[WhiteElo "1572"]
[BlackElo "1902"]
[PlyCount "80"]
[EventDate "2011.01.07"]
[EventType "swiss"]
[EventRounds "7"]
[EventCountry "GER"]
[SourceTitle "EXT 2015"]
[Source "ChessBase"]
[SourceDate "2014.11.20"]
[SourceVersion "1"]
[SourceVersionDate "2014.11.20"]
[SourceQuality "1"]

1. d4 Nc6 2. d5 Ne5 3. f4 Ng6 4. f5 Ne5 5. e4 e6 6. Nf3 Bc5 7. dxe6 Nxf3+ 8. Qxf3 dxe6 9. Be3 Qe7 10. Bxc5 Qxc5 11. Qc3 Qxc3+ 12. Nxc3 c6 13. fxe6 Bxe6 14. 0-0-0 Nf6 15. Be2 Ke7 16. Bf3 Nd7 17. Ne2 Ne5 18. Nd4 g6 19. Nxe6 Kxe6 20. Be2 Rad8 21. a4 a5 22. c3 Rxd1+ 23. Rxd1 h6 24. Kc2 f6 25. b4 Ra8 26. Rb1 axb4 27. Rxb4 Ra7 28. Kb3 h5 29. Rd4 b6 30. Rb4 Nd7 31. Bf3 Nc5+ 32. Kc2 Nd7 33. Kb3 Ke5 34. Kc2 c5 35. Rb1 Rxa4 36. Rd1 Ke6 37. g4 Ne5 38. Kb3 Ra8 39. Bg2 hxg4 40. h3 g3 0-1

[Event "Rheinhausen-ch 14th"]
[Site "Duisburg Rheinhausen"]
[Date "2010.02.19"]
[Round "4"]
[White "Moll, Reinhard"]
[Black "Klasmeier, Hartmut"]
[Result "1-0"]
[WhiteElo "1874"]
[BlackElo "1919"]
[PlyCount "31"]
[EventDate "2010.01.08"]
[EventType "swiss"]
[EventRounds "7"]
[EventCountry "GER"]
[SourceTitle "EXT 2018"]
[Source "ChessBase"]
[SourceDate "2017.10.13"]
[SourceVersion "1"]
[SourceVersionDate "2017.10.13"]
[SourceQuality "1"]

1. e4 Nc6 2. d4 e5 3. Nf3 exd4 4. Bc4 Qf6 5. 0-0 Ne5 6. Nxe5 Qxe5 7. c3 Bc5 8. Qf3 Qf6 9. Bf4 d6 10. e5 dxe5 11. Re1 Ne7 12. Rxe5 Bd6 13. Re4 0-0 14. Bxd6 Qxd6 15. Rxd4 Qb6 16. Qxf7+ 1-0

[Event "Ruhrgebiet VK1 0910"]
[Site "Ruhrgebiet"]
[Date "2010.02.07"]
[Round "6.2"]
[White "Klasmeier, Hartmut"]
[Black "Brodsky, Michail"]
[Result "0-1"]
[WhiteElo "2051"]
[BlackElo "2522"]
[PlyCount "42"]
[EventDate "2009.09.06"]
[EventType "team"]
[EventRounds "9"]
[EventCountry "GER"]
[SourceTitle "EXT 2011"]
[Source "ChessBase"]
[SourceDate "2010.11.26"]
[SourceVersion "1"]
[SourceVersionDate "2010.11.26"]
[SourceQuality "1"]
[WhiteTeam "Borbeck Weisse Dame II"]
[BlackTeam "Hattingen"]
[WhiteTeamCountry "GER"]
[BlackTeamCountry "GER"]

1. Nc3 d5 2. e3 Nf6 3. Nf3 g6 4. Be2 Bg7 5. d4 0-0 6. h4 c5 7. Ne5 Nc6 8. h5 Qb6 9. Na4 Qa5+ 10. c3 Nxe5 11. dxe5 Ne4 12. hxg6 hxg6 13. Bf3 Be6 14. Qc2 Bxe5 15. Bxe4 dxe4 16. Qxe4 Bf6 17. Qf4 Rfd8 18. Bd2 c4 19. b3 cxb3 20. axb3 b5 21. b4 Qa6 0-1

[Event "Rheinhausen-ch 14th"]
[Site "Duisburg Rheinhausen"]
[Date "2010.01.22"]
[Round "2"]
[White "Strohner, Marcel"]
[Black "Klasmeier, Hartmut"]
[Result "0-1"]
[WhiteElo "1682"]
[BlackElo "1919"]
[PlyCount "92"]
[EventDate "2010.01.08"]
[EventType "swiss"]
[EventRounds "7"]
[EventCountry "GER"]
[SourceTitle "EXT 2018"]
[Source "ChessBase"]
[SourceDate "2017.10.13"]
[SourceVersion "1"]
[SourceVersionDate "2017.10.13"]
[SourceQuality "1"]

1. c4 Nf6 2. Nc3 e5 3. e4 Bc5 4. g3 Nc6 5. Bg2 d6 6. Nge2 a6 7. d3 Bg4 8. h3 Bd7 9. 0-0 h6 10. Kh2 0-0 11. f4 exf4 12. Bxf4 Ba7 13. Qd2 Ne5 14. b3 Ng6 15. Be3 Bxe3 16. Qxe3 c6 17. d4 Qc7 18. Nf4 Nxf4 19. Qxf4 Nh7 20. Rae1 b5 21. e5 dxe5 22. Rxe5 Qb6 23. Ne4 f6 24. Rc5 bxc4 25. bxc4 Qb2 26. Nd6 Ng5 27. Rf2 Qb1 28. d5 Qb6 29. Qd4 Rad8 30. h4 Qc7 31. hxg5 Qxd6 32. gxh6 Rf7 33. Ra5 gxh6 34. c5 Qc7 35. Rxa6 Bc8 36. d6 Bxa6 37. Qg4+ Rg7 38. Qe6+ Qf7 39. Qxf7+ Kxf7 40. Bxc6 Bc4 41. Rc2 Be6 42. Bf3 Rdg8 43. Bh5+ Kf8 44. Rc3 Rg5 45. Be2 Rd5 46. a4 Rd2 0-1